Roland Penrose : (Record no. 1192)

000 -LEADER
fixed length control field 01090nam a22003257a 4500
001 - CONTROL NUMBER
control field 12224607
003 - CONTROL NUMBER IDENTIFIER
control field OSt
005 - DATE AND TIME OF LATEST TRANSACTION
control field 20210426114943.0
008 - FIXED-LENGTH DATA ELEMENTS--GENERAL INFORMATION
fixed length control field 001107s2001 gw a b 001 0beng
010 ## - LIBRARY OF CONGRESS CONTROL NUMBER
LC control number 00110758
020 ## - INTERNATIONAL STANDARD BOOK NUMBER
International Standard Book Number 3791324926
040 ## - CATALOGING SOURCE
Original cataloging agency DLC
Transcribing agency DLC
Modifying agency DLC
042 ## - AUTHENTICATION CODE
Authentication code pcc
043 ## - GEOGRAPHIC AREA CODE
Geographic area code e-uk-en
-- e------
050 00 - LIBRARY OF CONGRESS CALL NUMBER
Classification number N6797.P4
Item number P46 2001
080 ## - UNIVERSAL DECIMAL CLASSIFICATION NUMBER
Universal Decimal Classification number 7
Item number P-41
082 00 - DEWEY DECIMAL CLASSIFICATION NUMBER
Classification number 709/.2
-- B
Edition number 21
100 1# - MAIN ENTRY--PERSONAL NAME
Personal name Penrose, Antony.
245 10 - TITLE STATEMENT
Title Roland Penrose :
Remainder of title the friendly surrealist /
Statement of responsibility, etc. a memoir by Antony Penrose.
260 ## - PUBLICATION, DISTRIBUTION, ETC.
Place of publication, distribution, etc. Munich ;
-- New York :
Name of publisher, distributor, etc. Prestel,
Date of publication, distribution, etc. c2001.
300 ## - PHYSICAL DESCRIPTION
Extent 192 p.:
Other physical details ill. (some col.) ;
Dimensions 25 cm.
504 ## - BIBLIOGRAPHY, ETC. NOTE
Bibliography, etc. note Includes bibliographical references (p. 186) and index.
600 10 - SUBJECT ADDED ENTRY--PERSONAL NAME
Personal name Penrose, Roland,
Titles and other words associated with a name Sir.
650 #0 - SUBJECT ADDED ENTRY--TOPICAL TERM
Topical term or geographic name entry element Artists
Geographic subdivision England
Form subdivision Biography.
650 #0 - SUBJECT ADDED ENTRY--TOPICAL TERM
Topical term or geographic name entry element Surrealism
Geographic subdivision Europe.
653 ## - INDEX TERM--UNCONTROLLED
Uncontrolled term ხელოვნება
906 ## - LOCAL DATA ELEMENT F, LDF (RLIN)
a 7
b cbc
c orignew
d 2
e epcn
f 20
g y-gencatlg
942 ## - ADDED ENTRY ELEMENTS (KOHA)
Source of classification or shelving scheme
Koha item type Books
Holdings
Withdrawn status Lost status Source of classification or shelving scheme Damaged status Not for loan Permanent location Current location Date acquired Inventory number Total Checkouts Full call number Barcode Date last seen Price effective from Koha item type
          Ken Walker International University Ken Walker International University 02/04/2021 694   7 P-41 694 02/04/2021 02/04/2021 Books

Powered by Koha